000 00199nam a22000857a 4500
008 170213b xxu||||| |||| 00| 0 eng d
100 _92864
_aManan
245 _aHindi Story Book
260 _aNew delhi
_c2011
999 _c6083
_d6083